| 000 | 00379pab a2200157 454500 | ||
|---|---|---|---|
| 008 | 180718b2012 xxu||||| |||| 00| 0 eng d | ||
| 100 | _aRajendra Kumar | ||
| 245 | _aNational e-governance plan: Vision, challenges and the way forward | ||
| 260 | _c2012 | ||
| 300 | _ap.51-55. | ||
| 362 | _aSep | ||
| 650 | _aE governance | ||
| 773 | _aYojana | ||
| 908 | _aN | ||
| 909 | _a97676 | ||
| 999 |
_c97675 _d97675 |
||